000 00800nam a2200241Ia 4500
003 OSt
005 20220923212621.0
006 a|||||r|||| 00| 0
007 ta
008 220922b |||||||| |||| 00| 0 hin d
024 _a154,580
037 _cTextual
040 _aARTS
_cARTS
_bhin
041 _2hin
_ahin
082 _aO152,1:g, J4
100 _aवर्मा, रवीन्द्र सहाय
245 0 _aथ्हनदी काव्य पबम अपबपवने पबम ंहम
246 _aThhanadī kāvya pabam apabapavane pabama.anhama
260 _c1954
650 _aहिन्दी साहित्य
_9156264
942 _hO152,1:g, J4
_cTEXL
_2CC
999 _c310202
_d310202